| 000 | 00563nam a2200181 i 4500 | ||
|---|---|---|---|
| 001 | 88852 | ||
| 003 | ES-MaACL | ||
| 005 | 20230906175942.0 | ||
| 007 | t| | ||
| 008 | 050111s1989 gr ||||1| spa d | ||
| 080 | _a903/904:069(495.11 A.)(036) | ||
| 100 | 1 |
_aKarusu, Semni. _967592 |
|
| 245 | 1 | 0 |
_aMuseo Nacional _b: guía ilustrada del Museo / _cSemni Karusu. |
| 260 |
_aAtenas : _bEkdotike Athenon, _c1989. |
||
| 300 |
_a172 p. : _bil. ; _c24 cm. |
||
| 610 | 2 | 7 |
_aMuseo Arqueológico Nacional de Atenas- _vGuías. _95826 |
| 852 |
_aES-MaACL _jE-10696 _bR.135060 |
||
| 999 |
_c88852 _d88852 |
||